| 000 | 01100 a2200241 4500 | ||
|---|---|---|---|
| 001 | 2162214035926770 | ||
| 003 | UA-OsUOA | ||
| 005 | 20260505102854.0 | ||
| 008 | 260505b un a|||| |||| 00| p ukr d | ||
| 040 |
_aUA-OsUOA _bukr _cUA-OsUOA _dUA-OsUOA |
||
| 041 | _aukr | ||
| 080 | _a821.161.2 | ||
| 090 |
_a821.161.2 _bC91 |
||
| 100 |
_aСухар І. _925174 |
||
| 245 |
_aОй, заграло наше море _bСпіваник _cІван Сухар |
||
| 260 |
_aГуляйполе _bГуляйпільська друкарня _c1998 |
||
| 300 | _a65 с. | ||
| 520 | _aСпіваник «Ой, заграло наше море» — це друга знакова збірка пісень запорізького поета та композитора Івана Сухаря. 110 річниці з дня народження Н. І. Махна присв'ячується | ||
| 650 |
_a82 Література. Літературознавство _915 |
||
| 942 |
_cBK _2udc |
||
| 955 | _a3 | ||
| 999 |
_c580642 _d580642 |
||